000 01097cam a22002774a 4500
999 _c126687
_d126687
001 12430617
003 ARRUPE
005 20170817105158.0
008 010604s2001 mau b 001 0 eng
010 _a 2001039196
020 _a067400633X (alk. paper)
040 _aDLC
_cDLC
_dDLC
042 _apcc
043 _an-us---
050 0 0 _aJK468.P64
_bP67 2001
082 0 0 _a305.5/52/0973
_221
100 1 _aPosner, Richard A.
_97874
245 1 0 _aPublic intellectuals :
_ba study of decline /
_cRichard A. Posner.
260 _aCambridge, Mass. :
_bHarvard University Press,
_c2001.
300 _avi, 408 p. ;
_c24 cm.
504 _aIncludes bibliographical references and index.
650 0 _aPolitical planning
_zUnited States.
_934855
650 0 _aIntellectuals
_zUnited States.
_913266
650 0 _aSpecialists
_zUnited States.
_934856
906 _a7
_bcbc
_corignew
_d1
_eocip
_f20
_gy-gencatlg
942 _2lcc
_cMONOGRAPH